Регионална библиотека "Любен Каравелов" - Русе

Икономиката на България и бившите социалистически страни (Запис номер 27937)

MARC детайли
000 -Лидер
Контролно поле с фиксирана дължина 01657nam a2200361 c 4500
003 - Код на организацията, давaща контролен номер
Контролно поле BLK
005 - Дата и час на последна редакция
Контролно поле 20180420220204.0
008 - Елементи от данни с фиксирана дължина
fixed length control field 180407b bul|||||r ||||||| ||bul||
010 ## - Наследен системен номер
LC control number KNG00030524000
020 ## - Международен стандартен номер на книга ISBN
Международен стандартен номер на книга ISBN 954-9926-31-1
-- издат.: Планета 3
040 ## - Източник на каталожния запис
Идентификатор на билиотеката - собственик на записа BLK
041 ## - Код за език
Код за езика на текст/звукозапис или на отделно заглавие Български
Код за езика КДБФ Български
080 ## - УДК
Текстов определител УДК Икономическо положение. Икономическа политика. Управление. Планиране. Производство. Услуги. Цени
УДК код - определител по УДК 338
УДК определител .242(497.2)
УДК - код + определител 338.242(497.2)
080 ## - УДК
Текстов определител УДК Икономическо положение. Икономическа политика. Управление. Планиране. Производство. Услуги. Цени
УДК код - определител по УДК 338
УДК определител (4)
УДК - код + определител 338(4)
100 1# - Редна дума - Автор
Автор Беров, Любен
Авторска отговорност първи автор
R(LIN) 269498
139 ## - Редно поле
Редна дума Беров, Любен
Авторски знак Беро - Б 40
245 10 - Сведения за заглавието
Заглавие Икономиката на България и бившите социалистически страни
Подзаглавни данни Десетилетие по-късно 1989-1999
Редно поле (дума) Любен Беров.
257 ## - Страна на издаване
Страна на създаване/издаване България
260 ## - Област на издателските данни
-- София
Име на издателя, разпространителя и проч. Планета 3
Година на издаване 1999
Печатница София : Д. Благоев
300 ## - Физическа характеристика
Страници 214 с.
Размери/Мащаб 21 см
380 ## - Жанр
Жанр Обществени науки
500 ## - Общи забележки
Забележка Деп. списък: депозит сп.4
650 #4 - Допълнително описание по предмет – тема
Основно описание – тема или топоним Пазарно стопанство - България
9 (RLIN) 260671
650 #4 - Допълнително описание по предмет – тема
Основно описание – тема или топоним Пазарно стопанство
9 (RLIN) 265868
653 ## - Ключова дума – ненормативна
Ключова дума България
653 ## - Ключова дума – ненормативна
Ключова дума Източна Европа
653 ## - Ключова дума – ненормативна
Ключова дума икономика
852 ## - Местоположение
Форматна сигнатура Цб 203394
856 4# - Електронен адрес и достъп
Електронен формат pdf - файл
Път до файла /url/
856 4# - Електронен адрес и достъп
Електронен формат pdf - файл
Път до файла /url/
942 ## - АРТИКУЛИ
Вид на библиотечния материал Книги
Скрит в OPAC Не
944 ## - СЪЗДАВАНЕ И РЕДАКЦИЯ на ЗАПИСА
Създаване/Редакция Създаване
Дата на регистрацията/редакция 15.01.2003
Служител, извършил регистрацията/редакцията Геновева_Генчева
944 ## - СЪЗДАВАНЕ И РЕДАКЦИЯ на ЗАПИСА
Създаване/Редакция Редакция
Дата на регистрацията/редакция 19.07.2007
Служител, извършил регистрацията/редакцията
999 ## - СИСТЕМНИ КОНТРОЛНИ НОМЕРА
Koha biblionumber 27937
Koha biblioitemnumber 27937
Наличности
Код за отписване Код за изгубен артикул Източник на класификационната схема Код за повреда Коз за рестрикции Код за отдаване Артикулен № Име на библиотеката - собственик Име на библиотеката, в която се намира в момента Статус (Текущо местоположение) Дата на вписване в системата Местоположение - отдел Цена в лева Инвентарен номер Систематично азбучна сигнатура Баркод Номер на екземпляра Цена в евро Служебна бележка Служебен тип на артикула
  Не е изгубен Universal Decimal Classification Не е повреден без рестрикции ползва се в читалня 45015 Регионална библиотека "Любен Каравелов" Русе Регионална библиотека "Любен Каравелов" Русе Хранилище 2001-01-01 Хранилище 0.00 653314 Цб 203394 120000653314 1 0.00 Дост: Dp Вид: Д N: стар фонд Дата: 01.01.2001 Книги
Изтеглен Не е изгубен Universal Decimal Classification Не е повреден без рестрикции заемане за дома 45016 Регионална библиотека "Любен Каравелов" Русе Регионална библиотека "Любен Каравелов" Русе Заемна - подръчен фонд 2001-01-01 Заемна - подръчен фонд 6.00 658381 П 338.2/Б 40 Л 658381 2 3.07 Дост: Pk Вид: Ф N: стар фонд Дата: 01.01.2001 Дата инв: 05.02.2018 Бележки инв: П2018 Книги
  Не е изгубен   Не е повреден без рестрикции заемане за дома 45017 Регионална библиотека "Любен Каравелов" Русе Регионална библиотека "Любен Каравелов" Русе Заемна - подръчен фонд 2004-12-30 Заемна - подръчен фонд 5.70 120000690913 П 338.2/Б 40 120000690913 3 2.91 Дост: Pk Вид: Ф N: 29002826 Дата: 28.12.2004 Дата инв: 05.02.2018 Бележки инв: П2018 Книги
Vip Innovations Ltd, Rousse, Bulgaria 2025